00809cam a2200217 a 450000100100000000500170001000800410002704000290006808200190009710000370011624500670015326000660022030000210028658600500030765000250035765000280038291000340041004900090044495201230045399900150057600001008720200929161834.0880818s1987 cu f000 0 spa c aDO-SdBNPbspacLCdBNPHU aCu862.44bE79v1 aEstévez, Abilio,d1954-92506713aLa verdadera culpa de Juan Clemente Zenea /cAbilio Estévez. aLa Habana :bUnión de Escritores y Artistas de Cuba,c1987. a127 p. ;c18 cm. aPremio UNEAC de teatro "José Antonio Ramos" 4aTeatro cubano924517 4aLiteratura cubana91483 aCatalogación por copia / LC aBNGR 001052708MOaGRbGRcCTd2009-10-03iLF1l0oCu862.44 E79vp10087-10r2020-06-25w2020-06-25y2ZPréstamo interno c9846d9846